|
|
|
|
| LEADER |
00000nam0a2200000 4500 |
| 001 |
345662 |
| 005 |
20231102005811.0 |
| 010 |
|
|
|a 9785020403260
|
| 035 |
|
|
|a (RuTPU)RU\TPU\book\377515
|
| 090 |
|
|
|a 345662
|
| 100 |
|
|
|a 20210208d2020 m y0rusy50 ca
|
| 101 |
0 |
|
|a rus
|
| 102 |
|
|
|a RU
|
| 105 |
|
|
|a a j 001zy
|
| 200 |
1 |
|
|a Теория и методы изучения загрязнения подземных вод
|e учебник
|f В. Г. Румынин
|g Санкт-Петербургский государственный университет, Институт наук о Земле ; Российская академия наук, Институт геоэкологии, Санкт-Петербургское отделение
|
| 210 |
|
|
|a Санкт-Петербург
|c Наука
|d 2020
|
| 215 |
|
|
|a 560 с.
|c ил.
|
| 320 |
|
|
|a Библиогр.: с. 532-550
|
| 330 |
|
|
|a Учебник способствует развитию навыков и компетенций в области изучения и прогнозирования процессов миграции загрязняющих веществ в подземной гидросфере. Повышенное внимание уделено эффективным подходам, позволяющим учесть в транспортных моделях физико-химические процессы, влияющие на скорость переноса загрязнений в пластовых условиях, математической формализации миграции рассолов, контролируемой плотностной конвекцией, двухфазной фильтрации (в связи с загрязнением подземных вод жидкими углеводородами), формированию природных гидрогеохимических границ и закономерностей их смещения под влиянием водоотбора. Теоретические разделы сопровождаются многочисленными примерами из практики гидрогеологических работ на конкретных объектах, находящихся в стадиях проектирования, инженерно-геологических изысканий и эксплуатации (водозаборы подземных вод, горнодобывающие предприятия, предприятия по производству и обращению с радиоактивными материалами и др.). Для студентов-гидрогеологов, учебник будет также полезен научным работникам и специалистам-практикам.
|
| 606 |
1 |
|
|a Воды подземные
|x Загрязнение
|2 stltpush
|3 (RuTPU)RU\TPU\subj\3164
|9 31618
|
| 610 |
1 |
|
|a учебники
|
| 610 |
1 |
|
|a водоносные горизонты
|
| 610 |
1 |
|
|a растворенные вещества
|
| 610 |
1 |
|
|a конвективный перенос
|
| 610 |
1 |
|
|a дисперсия
|
| 610 |
1 |
|
|a сорбция
|
| 610 |
1 |
|
|a ионный обмен
|
| 610 |
1 |
|
|a водозаборы
|
| 610 |
1 |
|
|a гидрогеологические расчеты
|
| 610 |
1 |
|
|a горнопромышленные районы
|
| 610 |
1 |
|
|a Мурманская область
|
| 610 |
1 |
|
|a твердые полезные ископаемые
|
| 610 |
1 |
|
|a месторождения
|
| 610 |
1 |
|
|a нефтедобыча
|
| 610 |
1 |
|
|a нефтяные месторождения
|
| 610 |
1 |
|
|a хвостохранилища
|
| 610 |
1 |
|
|a жидкие углеводороды
|
| 610 |
1 |
|
|a техногенные радионуклиды
|
| 610 |
1 |
|
|a миграция
|
| 675 |
|
|
|a 556.388
|v 4
|
| 700 |
|
1 |
|a Румынин
|b В. Г.
|g Вячеслав Гениевич
|
| 712 |
0 |
2 |
|a Санкт-Петербургский государственный университет
|b Институт наук о Земле
|2 stltpush
|3 (RuTPU)RU\TPU\col\27718
|9 28847
|
| 712 |
0 |
2 |
|a Российская академия наук
|b Институт геоэкологии
|b Санкт-Петербургское отделение
|2 stltpush
|3 (RuTPU)RU\TPU\col\17648
|9 26725
|
| 801 |
|
1 |
|a RU
|b 63413507
|c 20210208
|
| 801 |
|
2 |
|a RU
|b 63413507
|c 20220112
|g RCR
|
| 942 |
|
|
|c BK
|